| 000 | 00798 a2200253 4500 | ||
|---|---|---|---|
| 502 | _aThèse d'exercice | ||
| 653 | 1 | _aSciences agronomiques | |
| 100 | _aAhouansou, Aurelien Emmanuel | ||
| 245 | _aLes aliments de "rue" à Cotonou (Bénin) : caractéristiques socio-économiques des vendeurs et consommateurs et qualité hygiénique des produits | ||
| 300 | _aXVIII-98 p. | ||
| 650 | _aALIMENT VENDU DANS LA RUE | ||
| 650 | _aCONSOMMATEUR | ||
| 650 | _aQUALITE DES ALIMENTS | ||
| 130 | _lFr | ||
| 710 | _aAbomey-Calavi, Université nationale du Bénin, Faculté des Sciences Agronomiques, BJ | ||
| 651 | _aCOTONOU | ||
| 651 | _aDANTOKPA | ||
| 041 | _bFr | ||
| 041 | _bEn | ||
| 653 | 1 | _aProduction animale et agro-nutrition | |
| 651 | _aBENIN | ||
| 690 | _aVENDEUR | ||
| 999 |
_c30106 _d30106 |
||